| 000 | 00686 a2200193 4500 | ||
|---|---|---|---|
| 001 | 066429 | ||
| 003 | OSt | ||
| 005 | 20210928122230.0 | ||
| 008 | |||
| 082 |
_a512.55 _bD91A |
||
| 100 | 1 | _aDungey, Nick | |
| 245 | 1 |
_aAnalysis on lie groups with polynomial growth _cby Nick Dungey, A.F.M. ter Elst and Derek W. Robinson |
|
| 260 |
_aBoston _bBirkhouser _c2003 |
||
| 300 | _a312p. | ||
| 690 | _aDifferential equations, Partial--Asymptotic theory; Harmonic analysis; Homogenization (Differential equations); Lie groups; Mathematics; Operator theory; Topological groups | ||
| 700 | _aElst, A.F.M.ter | ||
| 700 | _aRobinson, Derek W. | ||
| 942 |
_2ddc _cBK |
||
| 999 |
_c484 _d484 |
||